| 000 | 00838nam a2200277Ia 4500 | ||
|---|---|---|---|
| 001 | Para_6150 | ||
| 003 | CHAP | ||
| 008 | 220125s1981 xx 000 0 und d | ||
| 010 | _a204930 | ||
| 040 | _cCHAP | ||
| 090 | _aPA FOLLETO 279 | ||
| 100 |
_aCastro M., Ovanel R. _9170871 |
||
| 245 |
_aGuía para cultivar avena de temporal en los Valles Altos de México / _c por Ovanel R. Castro M. |
||
| 260 |
_aChapingo, Méx. : _b INIA |
||
| 300 | _a16 p. | ||
| 440 |
_aFolleto para productores;5 _9166372 |
||
| 650 |
_aAvena _x variedades _xMéxico _9164404 |
||
| 710 |
_aInstituto Nacional de Investigaciones Agrícolas (México) _959316 |
||
| 901 | _aPA FOLLETO 279 | ||
| 902 | _aA | ||
| 905 | _a0000001981 a 0000000000 00 | ||
| 910 | _a1981 | ||
| 942 | _cPARA | ||
| 942 |
_cPARA _d1 |
||
| 999 |
_c204930 _d204930 |
||